000
00327nam a22001457a 4500
008
221003b ||||| |||| 00| 0 eng d
020
_a
9780133892307
041
_a
eng
080
_2
5th
_a
573
082
_a
573
100
_a
16.1
101
_a
BIOLOGY
245
_a
BIOLOGY Science for life
_c
BELK COLLEEN
942
_2
udc
_c
BK
999
_c
58322
_d
58322